Raja Shiv Prasad sitar-e-hind aur Raja Laxman Singh ka hindi bhasha ke vikas mein yogdan (Record no. 862811)

MARC details
000 -LEADER
fixed length control field 00847nam a2200253Ia 4500
003 - CONTROL NUMBER IDENTIFIER
control field OSt
005 - DATE AND TIME OF LATEST TRANSACTION
control field 20220930071755.0
008 - FIXED-LENGTH DATA ELEMENTS--GENERAL INFORMATION
fixed length control field 220926b |||||||| |||| 00| 0 hin d
037 ## - SOURCE OF ACQUISITION
Terms of availability Theses
040 ## - CATALOGING SOURCE
Original cataloging agency CRL
Transcribing agency CRL
Language of cataloging hin
041 ## - LANGUAGE CODE
Source of code hin
Language code of text/sound track or separate title hin
100 ## - MAIN ENTRY--PERSONAL NAME
Personal name Aggrawal Uma Rani
9 (RLIN) 528912
110 ## - MAIN ENTRY--CORPORATE NAME
Corporate name or jurisdiction name as entry element University of Allahabad. Faculty of Arts. Department of Hindi
9 (RLIN) 528913
245 #0 - TITLE STATEMENT
Title Raja Shiv Prasad sitar-e-hind aur Raja Laxman Singh ka hindi bhasha ke vikas mein yogdan
260 ## - PUBLICATION, DISTRIBUTION, ETC.
Date of publication, distribution, etc. 1975
650 ## - SUBJECT ADDED ENTRY--TOPICAL TERM
Topical term or geographic name entry element HINDI LITERATURE
9 (RLIN) 23866
700 ## - ADDED ENTRY--PERSONAL NAME
Personal name Dr Matabadal Jaiswal Supervisor
9 (RLIN) 528914
700 ## - ADDED ENTRY--PERSONAL NAME
Personal name University of Allahabad. Faculty of Arts. Department of Hindi
9 (RLIN) 528915
942 ## - ADDED ENTRY ELEMENTS (KOHA)
Koha item type Dissertations
Source of classification or shelving scheme Colon Classification (CC)
Holdings
Withdrawn status Lost status Damaged status Not for loan Home library Current library Date acquired Total Checkouts Barcode Date last seen Price effective from Koha item type
        Central Library Central Library 2022-09-30   Th0009012 2022-09-30 2022-09-30 Thesis
Copyright @ Delhi University Library System